000 00899nas a2200253 n 4500
003 PPAK
005 20230611114814.0
008 230606c1971 my bo gr 000 0 eng d
040 _aPPAK
_beng
_cPPAK
_erda
082 0 4 _223
_a959.505
090 0 0 _a959.505
_bMAL
_dKWS
245 0 0 _aMALAYSIA in History /
264 1 _a[Kuala Lumpur] :
_bMalaysian Historical Society,
_c1971
300 _a48 pages :
_bblack and white illustrations, maps ;
_c24 cm
336 _atext
_2rdacontent
336 _astill image
_2rdacontent
337 _aunmediated
_2rdamedia
338 _avolume
_2rdacarrier
362 _aVolume Sixteen, Number Two (December 1973)
500 _aOffprint from The Magazine of the Malayan Historical Society Volume, 14, Number. 1, October 1971
500 _aText parallel in Malay and English
651 0 _aMalaysia
_xHistory
_vPeriodicals
942 _cB
_2ddc
999 _c192120
_d192120